Logo BPK

Biblioteka

Politechniki Koszalińskiej

Musée d'Orsay - malarstwo / (Rekord nr 32296)

Szczegóły MARC
000 -ETYKIETA REKORDU
podpole kontrolne o stałej długości 00817nam a2200241 i 4500
001 - NUMER KONTROLNY REKORDU
pole kontrolne bg
020 ## - MIĘDZYNARODOWY ZNORMALIZOWANY NUMER KSIĄŻKI - ISBN
ISBN 8321337414
040 ## - ŹRÓDŁO KATALOGOWANIA
Instytucja, która utworzyła rekord BPK
041 1# - KOD JĘZYKA
Kod języka tekstu pl
Kod języka oryginału en
080 ## - UNIWERSALNA KLASYFIKACJA DZIESIĘTNA - UKD
UKD 75.03(4)"18/19"(084.11):069.02(44)
920 ## - Międzynarodowy znormalizowany numer książki – ISBN
ISBN 83-213-3741-4
008 - POLE O STAŁEJ DŁUGOŚCI - DANE KONTROLNE
podpole kontrolne o stałej długości s pl f |000 0 pol
245 00 - TYTUŁ/ODPOWIEDZIALNOŚĆ
Tytuł Musée d'Orsay - malarstwo /
Pozostałe elementy strefy tytułu i oznaczenia odpowiedzialności Michel Laclotte [et al.] ; przedmowę napisała Françoise Cachin ; [tł. z ang. Halina Andrzejewska].
260 ## - STREFA ADRESU WYDAWNICZEGO
Miejsce wydania Warszawa :
Nazwa wydawcy/dystrybutora "Arkady",
Data publikacji, dystrybucji/powstania dokumentu 1995
Miejsce produkcji (dr. w Hiszpanii).
300 ## - STREFA OPISU FIZYCZNEGO
Objętość 159, [1] s. :
Inne cechy fizyczne fot. kolor. ;
Rozmiary 29 cm.
504 ## - UWAGA DOTYCZĄCA BIBLIOGRAFII
Informacje o bibliografii Indeks.
650 #9 - HASŁO PRZEDMIOTOWE W FORMIE NAZWY OGÓLNEJ LUB JEDNOSTKOWEJ
Nazwa ogólna lub geograficzna Malarstwo europejskie
Określnik chronologiczny 19-20 w.
650 #9 - HASŁO PRZEDMIOTOWE W FORMIE NAZWY OGÓLNEJ LUB JEDNOSTKOWEJ
Nazwa ogólna lub geograficzna Malarstwo europejskie
Określnik ogólny muzealnictwo
-- historia
Określnik geograficzny Francja
Określnik chronologiczny 19-20 w.
651 #9 - HASŁO PRZEDMIOTOWE W FORMIE NAZWY GEOGRAFICZNEJ
Nazwa geograficzna Paryż
Określnik ogólny Musée d` Orsay
-- zbiory
655 ## - TERMIN INDEKSOWY - OKREŚLENIE RODZAJU/FORMY DOKUMENTU
Określenie rodzaju/formy dokumentu Albumy
700 1# - HASŁO DODATKOWE - NAZWA OSOBOWA
Nazwa osobowa LACLOTTE, Michel.
942 ## - DODATKOWE ELEMENTY (KOHA)
Typ dokumentu Książka
Egzemplarze
Wycofany Status egzemplarza Uszkodzony Dostępność Lokalizacja stała Lokalizacja bieżąca Miejsce przechowywania Sygnatura Kod kreskowy Dział Typ dokumentu
      Tylko na miejscu Czytelnia Wydziału Elektroniki i Informatyki, Wydziału Architektury i Wzornictwa, Wydziału Inżynierii Mechanicznej i Energetyki oraz Wydziału Inżynierii Lądowej, Środowiska i Geodezji Czytelnia Wydziału Elektroniki i Informatyki, Wydziału Architektury i Wzornictwa, Wydziału Inżynierii Mechanicznej i Energetyki oraz Wydziału Inżynierii Lądowej, Środowiska i Geodezji Czytelnia Wydziałowa ul. Śniadeckich 2 40964 01277623 75 Malarstwo Książka
© 2023 Biblioteka Politechniki Koszalińskiej :: KOHA